LEADER 01344nam a2200301 i 4500 001 000000222331 003 CaOOAMICUS 005 20130910000000.0 008 130910s2001 it u000 u ita u 013 $a201228 020 $a88-16-60277-5 040 $aSeMil$bita 100 1 $aJolivet-Lévy, Catherine.$0(OLS)http://semarc/name/77669 240 13$aLa Cappadoce médiévale : images et spiritualité.$0(OLS)http://semarc/title/318648 245 12$aL'arte della Cappadocia /$cCatherine Jolivet-Lévy ; fotografie di Claude Sauvageot. 260 $aMilano :$bJaca Book,$c2001. 300 $a407 p. :$bill. ;$c31 cm. 490 0 $aCorpus bizantino slavo 500 $aContiene : Bibliografia ; Indice dei luoghi e dei monumenti della Cappadocia ; Indice iconografico. 650 4$aArte - Cappadocia - Sec. 10.-13.$0(OLS)http://semarc/subject/40755 700 1 $aSauvageot, Claude.$0(OLS)http://semarc/name/77670 830 0$aCorpus bizantino slavo.$0(OLS)http://semarc/title/14488 850 $aSeMil 852 $aSeMil$W1$xVenegono$y1$m5G X 6$j172677$B172677$CSeMilBibl$Z2$F183011 $8I 961 $aOmaggio: Altro 996 $6020$a88-16-60277-5$9(OLS)http://semarc/number/221866 996 $6245$aL'arte della Cappadocia$9(OLS)http://semarc/title/318647 996 $6260$aMilano :$bJaca Book$9(OLS)http://semarc/publisher/29781 LEADER 01251nam a2200277 i 4500 001 000000259338 003 CaOOAMICUS 005 20180731000000.0 008 180731s2013 it u000 u ita u 013 $a238246 020 $a978-88-372-2652-7 040 $aSeMil$bita 100 1 $aCohen, Arthur Allen <1928-1986>.$0(OLS)http://semarc/name/92498 245 13$aIl tremendum :$bun'interpretazione teologica dell'Olocausto /$cArthur Cohen ; a cura di Massimo Giuliani. 260 $aBrescia :$bMorcelliana,$c2013. 300 $a157 p. ;$c19 cm. 490 0 $aIl pellicano rosso. Nuova serie ;$v178 650 4$aEbrei - Persecuzioni - 1933-1945.$0(OLS)http://semarc/subject/16967 700 1 $aGiuliani, Massimo,$d<1961- >.$0(OLS)http://semarc/name/20172 830 3$aIl pellicano rosso. Nuova serie ;$v178.$0(OLS)http://semarc/title/11366 850 $aSeMil 852 $aSeMil$W1$xVenegono$y1$m2LA V 178$j266642$B209683$CSeMilBibl$Z2$F223333 $81 961 $aAcquisto: Morcelliana 996 $6020$a978-88-372-2652-7$9(OLS)http://semarc/number/285025 996 $6245$aIl tremendum :$bun'interpretazione teologica dell'Olocausto$9(OLS)http://semarc/title/414111 996 $6260$aBrescia :$bMorcelliana$9(OLS)http://semarc/publisher/29629